Statistics for Countries Where the Majority of the Population Speak English

Click here to take the quiz!

General Stats

  • This quiz has been taken 42 times
  • The average score is 33 of 50

Answer Stats

Total SpeakersAnswer% Correct
30,480,750Canada
100%
64,000,000United Kingdom
100%
21,715,910Australia
97%
316,107,532United States
97%
4,350,000Ireland
95%
4,181,902New Zealand
92%
15,250,000Netherlands
86%
178,198,040Nigeria
81%
288,000Bahamas
78%
275,000Barbados
78%
45,400,000Germany
78%
39,000St. Kitts and Nevis
78%
6,250,000Belgium
76%
4,500,000Norway
76%
3,800,000Finland
73%
2,650,000Jamaica
73%
187,758,480Pakistan
73%
4,770,000Denmark
70%
63,000Dominica
70%
6,205,000Israel
70%
58,000Marshall Islands
70%
4,680,000Switzerland
70%
68,000Antigua and Barbuda
68%
6,150,000Austria
68%
100,000Grenada
68%
4,218,737Singapore
68%
114,000St. Vincent and the Grenadines
68%
1,145,000Trinidad and Tobago
68%
246,000Belize
65%
290,000Luxembourg
62%
18,500Palau
62%
110,000,000Philippines
62%
18,000,000Ghana
59%
15,580,000Malaysia
59%
64,000Micronesia
59%
11,600Nauru
59%
180,000Vanuatu
57%
610,000Cyprus
54%
400,000Malta
54%
680,000Guyana
51%
13,517,860Sri Lanka
51%
39,800,000Uganda
46%
650,000Estonia
43%
11,850,710Zimbabwe
43%
5,500,000Greece
41%
3,100,000Liberia
41%
4,900,000Sierra Leone
41%
1,210,000Slovenia
38%
410,000Suriname
32%
2,600,000Croatia
24%

Score Distribution

Percentile by Number Answered

Percent of People with Each Score

Your Score History

You have not taken this quiz